[Event "21st Mediterranean Flowers WGM 2021"]
[Site "Rijeka"]
[Date "2021.03.11"]
[Round "7.3"]
[White "Unuk, Laura"]
[Black "Radikovic, Anamarija"]
[Result "1-0"]
[WhiteElo "2389"]
[BlackElo "1986"]
[Annotator "TA"]
[PlyCount "97"]
[EventDate "2021.03.07"]
[EventType "tourn"]
[EventCountry "CRO"]
[SourceTitle "playchess.com"]
[Source "ChessBase"]
[SourceQuality "1"]

{[%evp 9,97,0,24,24,39,19,32,22,39,0,0,-44,0,-4,54,48,50,39,54,62,92,106,112,119,131,140,151,139,144,119,829,778,818,811,764,265,337,278,333,340,340,343,331,315,337,330,292,299,289,298,336,348,350,349,348,327,403,403,421,389,431,433,431,431,416,363,462,456,539,562,1273,1203,1420,1346,1186,1159,891,873,29984,29985,29985,29986,29986,29987,29987,29988,29988,29989,29989,29990]} 1. d4 Nf6 2. Nf3 e6 3. Bf4 c5 4. e3 Be7 5. c3 cxd4 6. exd4 {A46: 1 d4 Nf6 2 Nf3 e6: Torre, London and Colle Systems.} O-O 7. Bd3 b6 8. Qe2 {[#] White is slightly better.} a5 $146 ({Predecessor:} 8... Bb7 9. h3 d6 10. O-O Nbd7 11. Nbd2 Re8 12. Bh2 Nf8 13. Rfe1 Ng6 14. Ng5 Qd7 15. Nde4 Nxe4 16. Nxe4 d5 17. Nd2 Bd6 18. Bxd6 Qxd6 19. Qh5 {0-1 (84) Hakobyan,A (2565)-Janik,I (2453) Porto Carras 2018}) 9. Ng5 Nd5 10. Bxb8 (10. Bxh7+ {keeps more tension.} Kh8 11. Be5 Bxg5 12. Qh5 Nf6 13. Bxf6 Qxf6 14. Be4+) 10... Bxg5 11. h4 {[#]} Bf4 (11... Rxb8 12. Bxh7+ $1 Kh8 13. hxg5 $16) (11... f5 $1 $11) 12. Bxf4 $40 {[%mdl 128] White has some attack.} Nxf4 {[#]} 13. Bxh7+ $1 Kh8 14. Qf3 Kxh7 15. Qxf4 {aiming for Qe4+.} (15. Qxa8 $6 d5 $11) 15... Ba6 16. Nd2 Qb8 17. Qe3 Qd6 18. h5 Qd5 19. h6 Qxg2 {[%mdl 8192] [#] This move loses the game for Black.} (19... g5 $16 20. O-O-O Bb7) 20. O-O-O $1 $18 {White threatens hxg7+ and mate.} g6 21. Ne4 Bb7 22. Nf6+ (22. d5 $142 {Intending Qd4 and mate.} f6 23. Rdg1 Qxg1+ 24. Rxg1 Bxd5 25. Qd4 Bxe4 26. Qxe4) 22... Kh8 {intending ...Qf3.} 23. Nxd7 Qe4 24. Qxe4 ({Much less strong is} 24. Nxf8 Qxe3+ 25. fxe3 Bxh1 $18) 24... Bxe4 25. Rhe1 ({Weaker is} 25. Nxf8 Bxh1 26. Nxg6+ (26. Rxh1 Rxf8 27. Kd2 Kh7 $16) 26... fxg6 $18) 25... Bd5 26. Nxf8 Rxf8 {[%mdl 4096] Endgame KRR-KRB} 27. b3 b5 28. Rd3 Kh7 29. Rh3 Rb8 30. Kc2 a4 31. Kb2 Ra8 32. Rc1 a3+ 33. Kc2 g5 34. Rg1 Be4+ 35. Kd2 f6 36. Re1 Bf5 37. Rhe3 Ra6 38. c4 b4 39. Rf3 Kxh6 {[#]} 40. Rxf5 $1 {[%mdl 512]} exf5 {KR-KR} (40... Rd6 41. Rxf6+) 41. d5 Ra8 42. d6 Rd8 43. c5 {Black must now prevent Re7.} g4 44. Re7 {White mates.} f4 45. d7 g3 46. fxg3 fxg3 47. Ke2 g2 48. Kf2 Rg8 49. Kg1 {Weighted Error Value: White=0.17/Black=0.43} 1-0

[Event "21st Mediterranean Flowers WGM 2021"]
[Site "Rijeka"]
[Date "2021.03.11"]
[Round "7.4"]
[White "Hrescak, Ivana"]
[Black "Kejzar, Petra"]
[Result "1-0"]
[WhiteElo "2201"]
[BlackElo "2043"]
[Annotator "TA"]
[PlyCount "69"]
[EventDate "2021.03.07"]
[EventType "tourn"]
[EventCountry "CRO"]
[SourceTitle "playchess.com"]
[Source "ChessBase"]
[SourceQuality "1"]

{[%evp 18,69,45,36,60,38,71,70,84,81,128,122,133,122,111,121,117,109,136,124,243,245,224,247,245,244,243,255,249,248,248,210,182,91,79,81,84,82,87,90,176,134,354,355,693,683,660,631,822,797,784,525,516,513]} 1. d4 d6 2. g3 g6 3. Bg2 Bg7 4. Nf3 Nd7 5. c4 c6 6. O-O Qc7 7. Nc3 Ngf6 8. e4 O-O 9. h3 e5 10. Re1 a5 {E69: King's Indian: Fianchetto: 6...Nbd7 7 0-0 e5 8 e4 c6 9 h3.} 11. Be3 exd4 12. Nxd4 {[#]} (12. Qxd4 Ng4 $1 $15) 12... Nb6 $146 {White is slightly better.} ({Predecessor:} 12... Nc5 13. Qc2 Bd7 14. Rad1 Rad8 15. b3 Rfe8 16. f4 Bc8 17. Bf2 Nfd7 18. a3 Na6 {0-1 (46) Nechaeva,M (2226)-Huang,Q (2424) Sochi 2009}) 13. b3 Bd7 14. Qd2 a4 15. Rad1 axb3 16. axb3 Rfe8 17. Nc2 Nc8 18. Bd4 Nh5 (18... h6 $16 {was worth a try.} 19. f4 Nb6) 19. Bxg7 Nxg7 20. c5 $1 Re6 21. e5 d5 22. Bxd5 $1 cxd5 23. Nxd5 Qxc5 24. b4 Qc6 {[#]} 25. Nf6+ (25. b5 $1 $18 {[%cal Rb5c6]} Qc5 26. Nf6+ {[%mdl 64] Discovered Attack} Rxf6 27. exf6) 25... Rxf6 $16 26. exf6 Nb6 {White must now prevent ...Ne8.} 27. fxg7 {Threatens to win with b5.} Bxh3 {[%csl Gh3][%cal Rc6g2]} 28. Ne3 {And now Qd4 would win.} Qf3 (28... Nc4 $16 {is a better defense.} 29. Qd5 Nxe3 30. Qxc6 (30. Rxe3 Qxd5 31. Rxd5 Kxg7 $16) (30. fxe3 Bg4 $16) 30... bxc6 31. Rxe3 Be6) 29. Qe2 Qe4 {A mistake that costs the game.} (29... Qxe2 $16 30. Rxe2 Bd7) 30. Qb5 $18 Ra3 $2 (30... Qc6 31. Qg5 Be6) 31. Qc5 {[%csl Gg7][%cal Rc5f8] White is clearly winning.} ({Wrong is} 31. Qxb6 $2 {[#]} Rxe3 $1 {[%mdl 512]} 32. Qd8+ Kxg7 $19) 31... Kxg7 {...Rxe3! is the strong threat.} 32. Rd4 Qe6 {Black hopes to continue with ...Nd7.} 33. Nc2 Na4 34. Rxe6 {Intending Qe5+ and mate.} Nxc5 35. bxc5 {Weighted Error Value: White=0.19/Black=0.60} 1-0

[Event "21st Mediterranean Flowers WGM 2021"]
[Site "Rijeka"]
[Date "2021.03.11"]
[Round "7.5"]
[White "Zimina, Olga"]
[Black "Spiranec, Noemi"]
[Result "1-0"]
[WhiteElo "2364"]
[BlackElo "2077"]
[Annotator "TA"]
[PlyCount "57"]
[EventDate "2021.03.07"]
[EventType "tourn"]
[EventCountry "CRO"]
[SourceTitle "playchess.com"]
[Source "ChessBase"]
[SourceQuality "1"]

{[%evp 14,57,11,8,20,0,10,2,5,-36,0,0,0,-36,-32,-34,0,-14,0,0,27,20,16,17,27,39,47,0,0,0,51,0,52,52,117,15,14,0,0,0,0,0,250,257,293,308]} 1. Nf3 Nf6 2. g3 e6 3. Bg2 d5 4. d4 b5 5. a4 b4 6. c4 bxc3 7. Nxc3 Be7 8. O-O O-O {A46: 1 d4 Nf6 2 Nf3 e6: Torre, London and Colle Systems.} 9. Bf4 c5 10. Nb5 {Strongly threatening Nc7.} a6 {The position is equal.} 11. Nc3 {[#]} (11. Nc7 $5 {[%cal Rc7a8]} Ra7 {[#]} 12. Nxd5 $1 Nxd5 13. Bxb8 $11) 11... Nc6 $146 ({Predecessor:} 11... Bb7 12. Qb3 Ra7 13. Rac1 Nbd7 14. e3 Qa5 15. Nd2 Raa8 16. Qc2 Rfc8 17. Qd3 Qb6 {0-1 (24) Biebelmann,G-Schmidt,F (1861) Berlin 2019}) 12. dxc5 Bxc5 13. Ne5 Nxe5 14. Bxe5 Nd7 15. Bd4 Rb8 16. e4 dxe4 17. Nxe4 Bxd4 18. Qxd4 Qb6 19. Qxb6 Rxb6 20. Rfd1 Rxb2 21. Nd6 Nf6 (21... Nb8 $1 $11) 22. Bf1 ({White should play} 22. a5 $14) 22... g6 (22... a5 $1 $11) 23. a5 $1 $14 {[%mdl 1024] White has compensation.} Ng4 (23... Bb7 $14) 24. h3 (24. Nxc8 Rxc8 25. Bxa6 Rcc2 $14) (24. Rdc1 $16 Bb7 25. Nxb7 Rxb7 26. Bxa6) 24... Ne5 $11 25. Bg2 {Hoping for Rac1.} ({Much weaker is} 25. Nxc8 Rxc8 26. Bxa6 Rcc2 $17) 25... Bd7 $1 26. Rac1 $36 {[%mdl 2048] [#] f4 is the strong threat. White fights for an advantage.} Ba4 27. Rd4 Rc2 $2 28. Re1 $18 Bc6 29. Rxe5 {Weighted Error Value: White=0.24/Black=0.37} 1-0

[Event "21st Mediterranean Flowers WGM 2021"]
[Site "Rijeka"]
[Date "2021.03.12"]
[Round "8.1"]
[White "Berke, Ana"]
[Black "Spiranec, Noemi"]
[Result "1/2-1/2"]
[WhiteElo "2188"]
[BlackElo "2077"]
[Annotator "ChessBase"]
[PlyCount "107"]
[EventDate "2021.03.07"]
[EventType "tourn"]
[EventCountry "CRO"]
[SourceTitle "playchess.com"]
[Source "ChessBase"]
[SourceQuality "1"]
[TimeControl "5400+30"]

1. e4 {[%emt 0:14:06]} e5 {[%emt 0:00:07]} 2. Nf3 {[%emt 0:00:37]} Nc6 {[%emt 0:00:09]} 3. Bb5 {[%emt 0:00:10]} a6 {[%emt 0:00:06]} 4. Ba4 {[%emt 0:00:05]} Nf6 {[%emt 0:00:06]} 5. O-O {[%emt 0:00:05]} Be7 {[%emt 0:00:05]} 6. Re1 {[%emt 0:00:12]} b5 {[%emt 0:00:07]} 7. Bb3 {[%emt 0:00:04]} d6 {[%emt 0:00:05]} 8. c3 {[%emt 0:00:06]} O-O {[%emt 0:00:15]} 9. d3 {[%emt 0:00:19]} Na5 {[%emt 0:03:23]} 10. Bc2 {[%emt 0:00:04]} c5 {[%emt 0:00:05]} 11. Nbd2 {[%emt 0:00:03]} Re8 {[%emt 0:04:30]} 12. Nf1 {[%emt 0:01:09]} h6 {[%emt 0:02:33]} 13. h3 {[%emt 0:01:12]} Bf8 {[%emt 0:04:30]} 14. Ng3 {[%emt 0:09:34]} Nc6 {[%emt 0:08:20]} 15. d4 {[%emt 0:02:29]} cxd4 {[%emt 0:00:50]} 16. cxd4 {[%emt 0:00:09]} Bd7 {[%emt 0:15:40]} 17. Be3 {[%emt 0:03:26]} Rc8 {[%emt 0:02:18]} 18. Rc1 {[%emt 0:01:44]} Na5 {[%emt 0:06:03]} 19. b3 {[%emt 0:02:15]} Nb7 {[%emt 0:00:02]} 20. Qd2 {[%emt 0:01:47]} Kh7 {[%emt 0:03:37]} 21. b4 {[%emt 0:13:50]} g6 {[%emt 0:06:17]} 22. a3 {[%emt 0:04:00]} Bg7 {[%emt 0:02:30]} 23. d5 {[%emt 0:02:17]} Rf8 {[%emt 0:05:52]} 24. Bd3 {[%emt 0:03:38]} Rxc1 {[%emt 0:00:33]} 25. Rxc1 {[%emt 0:00:28]} Nxe4 {[%emt 0:01:33]} 26. Nxe4 {[%emt 0:05:13]} f5 {[%emt 0:00:02]} 27. Nfg5+ {[%emt 0:03:57]} hxg5 {[%emt 0:00:30]} 28. Nxg5+ {[%emt 0:01:23]} Kg8 {[%emt 0:00:04]} 29. f4 {[%emt 0:00:39]} Bf6 {[%emt 0:07:29]} 30. h4 {[%emt 0:01:25]} exf4 {[%emt 0:01:03]} 31. Bxf4 {[%emt 0:00:34]} Qb6+ {[%emt 0:00:01]} 32. Kh2 {[%emt 0:01:43]} Nd8 {[%emt 0:03:07]} 33. Qe1 {[%emt 0:05:01]} Qd4 {[%emt 0:06:03]} 34. Qg3 {[%emt 0:01:57]} Qxd5 {[%emt 0:00:47]} 35. Rc7 {[%emt 0:03:31]} Be8 {[%emt 0:01:28]} 36. Bxd6 {[%emt 0:00:45]} Bxg5 {[%emt 0:00:40]} 37. hxg5 {[%emt 0:05:19]} Rf7 {[%emt 0:01:02]} 38. Bc2 {[%emt 0:01:42]} Rxc7 {[%emt 0:01:52]} 39. Bxc7 {[%emt 0:00:08]} Bf7 {[%emt 0:00:47]} 40. Be5 {[%emt 0:00:42]} Ne6 {[%emt 0:00:57]} 41. Bb2 {[%emt 0:00:43]} Kf8 {[%emt 0:03:10]} 42. Bb3 {[%emt 0:02:41]} Qd7 {[%emt 0:01:57]} 43. Be5 {[%emt 0:03:14]} Nxg5 {[%emt 0:01:55]} 44. Qxg5 {[%emt 0:03:32]} Bxb3 {[%emt 0:00:02]} 45. Qxg6 {[%emt 0:00:45]} Be6 {[%emt 0:02:31]} 46. Qh6+ {[%emt 0:00:14]} Ke8 {[%emt 0:01:01]} 47. Qh8+ {[%emt 0:01:15]} Kf7 {[%emt 0:01:22]} 48. Qh5+ {[%emt 0:00:50]} Kf8 {[%emt 0:00:43]} 49. Qg5 {[%emt 0:01:06]} Qh7+ {[%emt 0:01:27]} 50. Kg1 {[%emt 0:00:19]} Qa7+ {[%emt 0:00:13]} 51. Kh2 {[%emt 0:01:08]} Qh7+ {[%emt 0:00:02]} 52. Kg1 {[%emt 0:01:24]} Qa7+ {[%emt 0:00:01]} 53. Kh2 {[%emt 0:00:42]} Qh7+ {[%emt 0:00:03]} 54. Kg1 {[%emt 0:00:07]} 1/2-1/2

[Event "21st Mediterranean Flowers WGM 2021"]
[Site "Rijeka"]
[Date "2021.03.12"]
[Round "8.2"]
[White "Kejzar, Petra"]
[Black "Zimina, Olga"]
[Result "0-1"]
[WhiteElo "2043"]
[BlackElo "2364"]
[Annotator "TA"]
[PlyCount "94"]
[EventDate "2021.03.07"]
[EventType "tourn"]
[EventCountry "CRO"]
[SourceTitle "playchess.com"]
[Source "ChessBase"]
[SourceQuality "1"]

{[%evp 22,94,10,10,13,0,17,12,42,25,14,12,60,56,61,58,56,56,60,63,86,75,75,76,110,123,116,109,143,141,129,128,141,110,124,94,92,92,85,85,79,79,95,59,143,106,167,0,137,139,143,131,142,135,132,105,105,102,239,59,50,65,177,104,106,44,43,8,8,8,20,-29997,-29998,-29998,-29999]} 1. c4 Nf6 2. Nc3 c5 3. g3 Nc6 4. Bg2 g6 5. Nf3 Bg7 6. d4 cxd4 7. Nxd4 O-O 8. O-O Nxd4 9. Qxd4 d6 10. Bg5 h6 11. Bxf6 Bxf6 12. Qd2 Qa5 {A39: Symmetrical English vs ...g6: 4 Bg2 Bg7 5 Nf3 Nf6 6 0-0 0-0 7 d4.} 13. Rac1 ({Wrong is} 13. Qxh6 $2 Bg5 $19) 13... Bg5 14. e3 {[#]} h5 $146 {The position is equal.} ({Predecessor:} 14... Rb8 15. Rfd1 Kg7 16. Qc2 Bf5 17. Qb3 a6 18. h4 Bf6 19. Ne4 Be6 20. Nxf6 Kxf6 {1-0 (55) Cubas,J (2471)-Osipi,J (2175) Cordeiropolis 2017}) 15. Qd5 Qxd5 16. Nxd5 Be6 17. Nc7 $36 {[%mdl 2048] White has some pressure.} Rab8 18. Nxe6 fxe6 19. c5 d5 20. b4 Rfc8 21. f4 Bf6 22. e4 Bb2 23. Rb1 Bd4+ 24. Kh1 dxe4 25. Bxe4 Kf7 26. Rfd1 e5 27. Rb3 Rc7 28. Rf3 {Black must now prevent fxe5+.} Kg7 29. h4 a5 30. a3 ({Don't play} 30. bxa5 $6 Rxc5 31. f5 Rf8 $11) 30... Rf8 31. Kg2 e6 32. Rfd3 Rff7 ({Better is} 32... axb4 $14 33. axb4 Ra8) 33. Rb1 Rfd7 (33... Rc8 $16) 34. Rbd1 {And now fxe5 would win.} Rf7 35. R1d2 Ba1 36. Ra2 Bd4 37. Rc2 Rfd7 38. bxa5 exf4 39. gxf4 {Hoping for a6!} e5 {[#]} (39... Bf6 $16 {was necessary.}) 40. a6 $2 (40. Bxb7 $1 $18 {[%mdl 512]} Rf7 41. a6 Rxc5 42. Rxc5 Bxc5 43. fxe5) 40... bxa6 $14 41. c6 Re7 {[#]} (41... Rf7 $14) 42. Rc4 (42. Rg3 $1 $18) 42... Rf7 {[#]} 43. fxe5 ({White should play} 43. Rf3 $1 $16) 43... Bxe5 44. Rc5 Rce7 45. Bd5 Bd6 {( -> ...Re2+)} 46. Rc4 $2 {[%mdl 8192]} (46. Bxf7 $11 Bxc5 47. Bd5) 46... Re2+ 47. Kg1 Bh2+ {Black used his chance.  Weighted Error Value: White=0.42/Black=0.19} 0-1

[Event "21st Mediterranean Flowers WGM 2021"]
[Site "Rijeka"]
[Date "2021.03.12"]
[Round "8.3"]
[White "Radikovic, Anamarija"]
[Black "Hrescak, Ivana"]
[Result "0-1"]
[WhiteElo "1986"]
[BlackElo "2201"]
[Annotator "ChessBase"]
[PlyCount "118"]
[EventDate "2021.03.07"]
[EventType "tourn"]
[EventCountry "CRO"]
[SourceTitle "playchess.com"]
[Source "ChessBase"]
[SourceQuality "1"]
[TimeControl "5400+30"]

1. d4 {[%emt 0:00:00]} Nf6 {[%emt 0:00:30]} 2. c4 {[%emt 0:00:00]} g6 {[%emt 0:00:04]} 3. Nc3 {[%emt 0:00:00]} Bg7 {[%emt 0:00:03]} 4. Nf3 {[%emt 0:00:00]} d6 {[%emt 0:00:04]} 5. Bg5 {[%emt 0:00:00]} c6 {[%emt 0:01:15]} 6. e3 {[%emt 0:00:00]} Nbd7 {[%emt 0:01:44]} 7. Qc2 {[%emt 0:00:14]} a6 {[%emt 0:03:25]} 8. a4 {[%emt 0:08:10]} Qa5 {[%emt 0:02:00]} 9. Rb1 {[%emt 0:01:35]} Qb4 {[%emt 0:02:56]} 10. Bd3 {[%emt 0:04:50]} e5 {[%emt 0:02:25]} 11. O-O {[%emt 0:01:42]} O-O {[%emt 0:01:25]} 12. Na2 {[%emt 0:22:41]} Qb6 {[%emt 0:01:02]} 13. b4 {[%emt 0:01:07]} Re8 {[%emt 0:01:23]} 14. Nc3 {[%emt 0:01:11]} Qc7 {[%emt 0:06:53]} 15. h3 {[%emt 0:06:39]} Nh5 {[%emt 0:01:39]} 16. dxe5 {[%emt 0:08:29]} dxe5 {[%emt 0:00:18]} 17. c5 {[%emt 0:06:05]} Nhf6 {[%emt 0:06:11]} 18. Bc4 {[%emt 0:07:04]} a5 {[%emt 0:05:29]} 19. Qb3 {[%emt 0:03:54]} Rf8 {[%emt 0:00:55]} 20. Bxf6 {[%emt 0:03:54]} Nxf6 {[%emt 0:01:36]} 21. Ng5 {[%emt 0:00:38]} Bf5 {[%emt 0:02:35]} 22. e4 {[%emt 0:02:46]} Bc8 {[%emt 0:00:33]} 23. b5 {[%emt 0:01:05]} h6 {[%emt 0:02:11]} 24. Nf3 {[%emt 0:01:08]} Nd7 {[%emt 0:01:58]} 25. Qa3 {[%emt 0:03:51]} Bf6 {[%emt 0:09:48]} 26. Ne1 {[%emt 0:02:56]} Qd8 {[%emt 0:03:49]} 27. Nd3 {[%emt 0:00:46]} Kg7 {[%emt 0:03:57]} 28. Rfd1 {[%emt 0:01:55]} Re8 {[%emt 0:02:51]} 29. Ba2 {[%emt 0:01:38]} Qe7 {[%emt 0:02:11]} 30. Re1 {[%emt 0:02:01]} Qf8 {[%emt 0:03:47]} 31. Rec1 {[%emt 0:01:52]} Be7 {[%emt 0:02:25]} 32. Nd1 {[%emt 0:00:06]} cxb5 {[%emt 0:04:51]} 33. Rxb5 {[%emt 0:02:13]} b6 {[%emt 0:01:11]} 34. Bd5 {[%emt 0:00:05]} Ra7 {[%emt 0:02:27]} 35. Qb2 {[%emt 0:01:39]} Nxc5 {[%emt 0:04:09]} 36. Nxc5 {[%emt 0:01:34]} Bxc5 {[%emt 0:00:01]} 37. Ne3 {[%emt 0:01:57]} Ba3 {[%emt 0:02:50]} 38. Qc2 {[%emt 0:00:14]} Bxc1 {[%emt 0:00:38]} 39. Qxc1 {[%emt 0:00:05]} Bd7 {[%emt 0:04:03]} 40. Rxb6 {[%emt 0:00:04]} Rc8 {[%emt 0:05:34]} 41. Qb2 {[%emt 0:00:30]} Qe7 {[%emt 0:00:51]} 42. f4 {[%emt 0:03:04]} Kh7 {[%emt 0:03:18]} 43. f5 {[%emt 0:00:48]} Qc5 {[%emt 0:01:21]} 44. fxg6+ {[%emt 0:00:11]} fxg6 {[%emt 0:00:08]} 45. Rb3 {[%emt 0:00:58]} Bxa4 {[%emt 0:00:46]} 46. Ra3 {[%emt 0:00:04]} Bb5 {[%emt 0:01:14]} 47. Kh2 {[%emt 0:00:07]} a4 {[%emt 0:01:43]} 48. Ng4 {[%emt 0:00:06]} Rf8 {[%emt 0:00:50]} 49. Qd2 {[%emt 0:00:37]} g5 {[%emt 0:00:20]} 50. Rc3 {[%emt 0:00:48]} Qd4 {[%emt 0:00:05]} 51. Qc1 {[%emt 0:00:15]} Qb6 {[%emt 0:01:09]} 52. Rc8 {[%emt 0:01:38]} Rf1 {[%emt 0:00:34]} 53. Bg8+ {[%emt 0:00:22]} Kg7 {[%emt 0:00:11]} 54. Qb2 {[%emt 0:00:09]} Re7 {[%emt 0:00:33]} 55. Qb4 {[%emt 0:00:41]} Rd7 {[%emt 0:00:43]} 56. Bd5 {[%emt 0:00:55]} h5 {[%emt 0:00:27]} 57. Rg8+ {[%emt 0:00:24]} Kh7 {[%emt 0:00:06]} 58. Rf8 {[%emt 0:00:31]} Qg1+ {[%emt 0:00:20]} 59. Kg3 {[%emt 0:00:06]} h4# {[%emt 0:00:06]} 0-1

[Event "21st Mediterranean Flowers WGM 2021"]
[Site "Rijeka"]
[Date "2021.03.12"]
[Round "8.4"]
[White "Manakova, Maria"]
[Black "Unuk, Laura"]
[Result "0-1"]
[WhiteElo "2271"]
[BlackElo "2389"]
[Annotator "TA"]
[PlyCount "56"]
[EventDate "2021.03.07"]
[EventType "tourn"]
[EventCountry "CRO"]
[SourceTitle "playchess.com"]
[Source "ChessBase"]
[SourceQuality "1"]

{[%evp 9,56,-66,-41,-66,-60,-77,-73,-104,-91,-202,-187,-179,-178,-236,-236,-224,-232,-229,-229,-239,-222,-219,-221,-567,-564,-555,-543,-548,-533,-521,-532,-1142,-651,-880,-856,-1251,-405,-402,-398,-1274,-1270,-1186,-844,-845,-831,-1560,-1229,-29986,-29984]} 1. e4 e6 2. d3 d5 3. Qe2 Ne7 4. Bg5 c5 {[#]} 5. exd5 $146 ({Predecessor:} 5. Nf3 f6 6. Bh4 e5 7. exd5 Qxd5 8. Nc3 Qc6 9. O-O-O Be6 10. Kb1 b5 11. Qe4 a6 12. Qxc6+ Nbxc6 {½-½ (38) Ivascu,C (1891)-Popp,M (1704) Willingen 2009}) 5... exd5 6. Nc3 {C00: French: Unusual White 2nd moves.} Nbc6 7. O-O-O Be6 8. Nf3 {Black is better.} h6 9. Bh4 {[#]} (9. Bd2 $17) 9... Qa5 $1 $19 10. d4 {[#]} c4 $1 11. Bg3 (11. Qd2 $142) 11... b5 12. a3 b4 13. axb4 Nxb4 14. Kd2 Nf5 15. Be5 Na2 16. Bc7 $2 (16. g4 Ba3 17. Bc7) 16... Qxc7 17. Nxa2 Rb8 18. Rb1 Qa5+ 19. Nc3 Bb4 {Strongly threatening ...Bxc3+.} 20. Re1 Nd6 {Threatens to win with ...Ne4+.} 21. Qe5 O-O 22. Ng1 Ne4+ (22... Rfe8 $142 23. Qh5 Bf5) 23. Rxe4 dxe4 24. Qxe4 $2 (24. Qxa5 Bxa5 25. Kc1) 24... Bxc3+ 25. bxc3 Rb1 26. Nf3 Qa1 27. Qe2 Rfb8 28. Ne1 Qb2 {[%csl Gb1][%cal Rb2c1] White got outplayed after the opening.  Weighted Error Value: White=1.46/Black=0.62} 0-1

[Event "21st Mediterranean Flowers WGM 2021"]
[Site "Rijeka"]
[Date "2021.03.12"]
[Round "8.5"]
[White "Radeva, Viktoria"]
[Black "Medic, Mirjana"]
[Result "1-0"]
[WhiteElo "2313"]
[BlackElo "2169"]
[Annotator "TA"]
[PlyCount "73"]
[EventDate "2021.03.07"]
[EventType "tourn"]
[EventCountry "CRO"]
[SourceTitle "playchess.com"]
[Source "ChessBase"]
[SourceQuality "1"]

{[%evp 25,73,20,46,31,55,52,69,64,97,101,107,104,116,111,105,50,132,128,152,146,151,142,221,217,225,211,244,238,283,275,257,230,301,288,438,362,357,363,356,344,359,359,522,518,831,827,945,872,1657,1620]} 1. e4 e6 2. d4 d5 3. Nd2 Nf6 4. e5 Nfd7 5. Bd3 c5 6. c3 Nc6 7. Ne2 cxd4 8. cxd4 f6 9. exf6 Nxf6 10. O-O Bd6 11. Nf3 Qc7 12. g3 O-O 13. Bf4 Bd7 14. Qd2 {C06: French Tarrasch: 3...Nf6 4 e5 Nfd7 5 Bd3 main lines.} Bxf4 15. Nxf4 {[#]} Qd6 $146 ({Predecessor:} 15... e5 16. dxe5 Nxe5 17. Nxe5 Qxe5 18. Rfe1 Qd6 19. Bc4 Bc6 20. Rad1 Rfd8 21. Bb3 Rd7 22. Qd4 a6 23. Re6 Qf8 24. Rde1 Kh8 25. f3 Re8 26. Qxf6 gxf6 27. Rxe8 Qxe8 28. Rxe8+ Kg7 29. Rd8 {1-0 (29) Wahlbom,M (2291)-Ernst,M (2170) Sibenik 2014}) 16. Rfe1 {White is slightly better.} Qb4 {next ...Qxd2 is good for Black.} 17. Rad1 {[%cal Ba1d1,Bd1d2,Bd2e2][%mdl 32]} Qxd2 18. Rxd2 Rfe8 19. Rde2 Rac8 20. a3 ({White should play} 20. h3 $16) 20... Nd8 (20... g5 $1 $14 21. Nxe6 g4) 21. h4 h6 22. Ne5 Ba4 23. g4 Nc6 (23... Nd7 $16 {might work better.}) 24. Nxc6 $18 Bxc6 25. f3 ({Don't play} 25. Rxe6 $6 Rxe6 26. Rxe6 Nxg4 $16) 25... Bd7 26. Kg2 ({Don't do} 26. Nxe6 Bxe6 27. Rxe6 Rxe6) 26... a6 27. Kg3 ({Resist} 27. Nxe6 $6 Bxe6 28. Rxe6 Kf7 $18) 27... Rc6 28. Bg6 Rec8 29. Nxe6 Rc4 (29... Ne4+ {keeps fighting.} 30. fxe4 Rxe6) 30. Bd3 Rc1 {...Rxe1 would now be nice for Black.} 31. Nc5 Rxe1 32. Rxe1 Bc6 33. Bg6 a5 (33... Rc7 $142 34. Re5 Nh7) 34. Re7 {White is clearly winning.} Rd8 (34... Kh8 $142 35. Nxb7 Ra8) 35. g5 hxg5 36. hxg5 Nd7 37. Ne6 {[%mdl 64] Double Attack.  Weighted Error Value: White=0.10/Black=0.44} 1-0

[Event "21st Mediterranean Flowers WGM 2021"]
[Site "Rijeka"]
[Date "2021.03.13"]
[Round "9.2"]
[White "Unuk, Laura"]
[Black "Radeva, Viktoria"]
[Result "1/2-1/2"]
[WhiteElo "2389"]
[BlackElo "2313"]
[Annotator "TA"]
[PlyCount "26"]
[EventDate "2021.03.07"]
[EventType "tourn"]
[EventCountry "CRO"]
[SourceTitle "playchess.com"]
[Source "ChessBase"]
[SourceQuality "1"]

{[%evp 23,24,0,2]} 1. c4 c5 2. Nf3 Nc6 3. Nc3 Nf6 4. g3 g6 5. Bg2 Bg7 6. O-O O-O 7. d3 d6 8. a3 a6 9. Rb1 Rb8 10. b4 cxb4 11. axb4 b5 12. cxb5 axb5 {[#]} {Predecessor:} 13. Bd2 $146 {A38: Symmetrical English vs ...g6: 4 Bg2 Bg7 5 Nf3 Nf6.} Bd7 {½-½ (13) Brkic,A (2573)-Stevic,H (2569) Schwarzach 2019} 1/2-1/2